[Event "Verbandsliga Nordbaden 1920"]
[Site "Baden"]
[Date "2021.07.04"]
[Round "8.6"]
[White "Eisenbeiser, Karlheinz"]
[Black "Heckfuss, Harald"]
[Result "1-0"]
[WhiteElo "1931"]
[BlackElo "1669"]
[PlyCount "125"]
[EventDate "2019.09.29"]
[EventType "team-tourn"]
[EventRounds "9"]
[EventCountry "GER"]
[SourceTitle "EXT 2021"]
[Source "ChessBase"]
[SourceDate "2020.10.23"]
[SourceVersion "1"]
[SourceVersionDate "2020.10.23"]
[SourceQuality "1"]
[WhiteTeam "Buchen II"]
[BlackTeam "Ladenburg"]
[WhiteTeamCountry "GER"]
[BlackTeamCountry "GER"]

1. e4 e5 2. Nf3 f5 3. d3 d6 4. Nc3 Be7 5. Nd5 c6 6. Nxe7 Qxe7 7. g3 Nf6 8. Qe2 fxe4 9. dxe4 0-0 10. Bg2 Bg4 11. h3 Bh5 12. g4 Bg6 13. Nh4 Bxe4 14. Bxe4 Nxe4 15. Nf5 Rxf5 16. gxf5 Qh4 17. Be3 Nf6 18. 0-0-0 d5 19. Rdg1 Qe4 20. Qd3 Nbd7 21. Bh6 Nh5 22. Qxe4 dxe4 23. Rd1 Ndf6 24. Rhg1 Kf7 25. Be3 a6 26. c4 Nf4 27. Rh1 Rc8 28. Kb1 c5 29. Rd2 Rc7 30. h4 N6h5 31. Rhd1 Kf6 32. Rd7 Rxd7 33. Rxd7 Kxf5 34. Rxb7 Kg4 35. Bxc5 Nd3 36. Be3 Kxh4 37. c5 Nf6 38. Rxg7 Nd5 39. Rxh7+ Kg4 40. c6 Kf3 41. c7 Nxc7 42. Rxc7 Nxf2 43. Bxf2 Kxf2 44. Rf7+ Ke2 45. Kc2 Ke3 46. b4 Kd4 47. Kd2 e3+ 48. Ke2 Kc3 49. Kxe3 Kxb4 50. Ke4 Ka3 51. Rf2 a5 52. Kxe5 a4 53. Kd4 Kb4 54. Kd3 Ka3 55. Kc2 Kb4 56. Kd2 Ka3 57. Kc1 Kb4 58. Kb2 a3+ 59. Kc1 Ka4 60. Kd2 Kb4 61. Kd3 Ka4 62. Kc3 Kb5 63. Kb3 1-0

[Event "Baden-ch U1700"]
[Site "Walldorf"]
[Date "2017.07.28"]
[Round "4"]
[White "Heckfuss, Harald"]
[Black "Hauk, Roland"]
[Result "0-1"]
[WhiteElo "1660"]
[BlackElo "1707"]
[PlyCount "130"]
[EventDate "2017.07.26"]
[EventType "swiss"]
[EventRounds "7"]
[EventCountry "GER"]
[SourceTitle "EXT 2018"]
[Source "ChessBase"]
[SourceDate "2017.10.13"]
[SourceVersion "1"]
[SourceVersionDate "2017.10.13"]
[SourceQuality "1"]

1. e4 e6 2. d4 d5 3. Be3 dxe4 4. Nd2 f5 5. f3 exf3 6. Ngxf3 Nf6 7. Ne5 Nbd7 8. Ndf3 Nxe5 9. Nxe5 Bd6 10. Bd3 Bxe5 11. dxe5 Nd5 12. Qd2 Nxe3 13. Qxe3 Qh4+ 14. g3 Qb4+ 15. c3 Qxb2 16. 0-0 Qb6 17. Qd4 Bd7 18. Rab1 Qxd4+ 19. cxd4 Bc6 20. Bb5 Bxb5 21. Rxb5 b6 22. Rb2 Rc8 23. Rc2 Rf8 24. h4 h6 25. Kg2 Kd7 26. Kf3 c5 27. Rd1 cxd4 28. Rxd4+ Ke7 29. Rcd2 Rfd8 30. Kf4 Rxd4+ 31. Rxd4 Rc5 32. a4 g5+ 33. hxg5 hxg5+ 34. Kxg5 Rxe5 35. Kf4 Rc5 36. Ke3 Rc3+ 37. Kf2 Ra3 38. Rh4 Kd6 39. Rd4+ Ke5 40. Rh4 Kd5 41. Rb4 Kc5 42. Rh4 a6 43. Rf4 Rb3 44. Rh4 Rb4 45. Kf3 b5 46. axb5 axb5 47. Rh8 Re4 48. Rc8+ Kb4 49. Re8 Kb3 50. g4 Rxg4 51. Rxe6 Rb4 52. Re3+ Ka4 53. Re5 f4 54. Re1 Rc4 55. Ra1+ Kb4 56. Rb1+ Kc5 57. Re1 b4 58. Rb1 Kb5 59. Rf1 b3 60. Ke2 Rd4 61. Rc1 Kb4 62. Rc8 b2 63. Rb8+ Kc3 64. Rb7 Rb4 65. Rc7+ Kb3 0-1

[Event "Baden-ch U1700"]
[Site "Walldorf"]
[Date "2017.07.27"]
[Round "2"]
[White "Heckfuss, Harald"]
[Black "Steiner, Peter Markus"]
[Result "0-1"]
[WhiteElo "1660"]
[BlackElo "1711"]
[PlyCount "104"]
[EventDate "2017.07.26"]
[EventType "swiss"]
[EventRounds "7"]
[EventCountry "GER"]
[SourceTitle "EXT 2018"]
[Source "ChessBase"]
[SourceDate "2017.10.13"]
[SourceVersion "1"]
[SourceVersionDate "2017.10.13"]
[SourceQuality "1"]

1. e4 e6 2. d4 d5 3. Be3 Nf6 4. e5 Nfd7 5. Nf3 c5 6. c3 Nc6 7. Be2 Be7 8. 0-0 0-0 9. Re1 cxd4 10. cxd4 f6 11. Nc3 fxe5 12. dxe5 Ndxe5 13. Nxe5 Nxe5 14. Bd4 Bd6 15. Nb5 Nc6 16. Bg4 e5 17. Nxd6 Qxd6 18. Bc3 Bxg4 19. Qxg4 Rf4 20. Qg3 Raf8 21. Re2 d4 22. Rd1 R4f6 23. Be1 Qd5 24. Rdd2 e4 25. Qh4 Rf4 26. Qh3 Qf7 27. g3 Qg6 28. Qg2 Rf3 29. a3 e3 30. fxe3 dxe3 31. Rd7 Rf1+ 32. Qxf1 Rxf1+ 33. Kxf1 Qf5+ 34. Kg2 Qxd7 35. Rxe3 Qd5+ 36. Kh3 Qh5+ 37. Kg2 Qd5+ 38. Kf2 Ne5 39. Rc3 Nd3+ 40. Ke2 Nxe1 41. Kxe1 Qh1+ 42. Kd2 Qxh2+ 43. Kc1 Qg1+ 44. Kc2 Qf2+ 45. Kb1 Qe1+ 46. Ka2 Qxc3 47. bxc3 Kf7 48. Kb3 Ke6 49. Kc4 Kd6 50. Kb5 h5 51. a4 g5 52. a5 h4 0-1